| 000 | 00440nam a2200181Ia 4500 | ||
|---|---|---|---|
| 999 |
_c31557 _d31557 |
||
| 003 | OSt | ||
| 005 | 20250523171205.0 | ||
| 008 | 250310s9999||||xx |||||||||||||| ||und|| | ||
| 020 | _a0-09-9-68640-6 | ||
| 040 | _c. | ||
| 082 |
_a947.084 _bG875 |
||
| 100 |
_95923 _aGromyko, Andrei |
||
| 245 | 0 |
_aMemories / _cAndrei Gromyko |
|
| 260 |
_aLondon: _bArrow books, _c1989. |
||
| 300 | _a474 p. | ||
| 651 | 0 |
_95885 _aSoviet Union |
|
| 942 |
_cBK _2ddc |
||